| 000 | 00593nam a2200241Ia 4500 | ||
|---|---|---|---|
| 008 | 160803s9999 xx 000 0 und d | ||
| 020 | _a9780545258975 | ||
| 100 | _aNix, Garth | ||
| 245 | _aTroubletwisters / | ||
| 245 | _cGarth Nix and Sean Williams. | ||
| 260 | _aNew York : | ||
| 260 | _bScholastic Inc. | ||
| 260 | _c2011 | ||
| 300 | _a293 pages ; | ||
| 300 | _c22 cm. | ||
| 650 | _aBrothers and sisters -- | ||
| 650 | _aMagic -- | ||
| 650 | _aTwins -- | ||
| 650 | _xJuvenile fiction. | ||
| 650 | _xJuvenile fiction. | ||
| 650 | _xJuvenile fiction. | ||
| 700 | _a850 | ||
| 999 |
_c298121 _d298121 |
||